000 00628 a2200193 4500
001 62998
005 20260407155924.0
008 260407a1974 arg spa d
003 AR-UNSa-BCEJYS
040 _aAR-UNSa-BCEJYS
_bspa
_cAR-UNSa-BCEJYS
080 _a368
_xSeguros. Provisión comunitaria mediante participación en los riesgos
245 1 0 _aEl riesgo en el contrato de seguro
_pRégimen de las modificaciones que lo agravan
264 1 _aBuenos Aires :
_bAstrea
_c1974
300 _a157 p.
_c20 cm.
041 _aspa
942 _cBK
590 _aniveau_biblio:m niveau_hierar:0
100 1 _aMorandi, Juan Carlo Félix
999 _c7908
_d7908